| 000 | 00772nam a22002417a 4500 | ||
|---|---|---|---|
| 999 |
_c4001 _d4001 |
||
| 003 | AR-CdUCM | ||
| 008 | 190307b ||||| |||| 00| 0 spa d | ||
| 020 | _a950-614-068-5 | ||
| 040 |
_aMUNICIPALIDAD PROVINCIAL DEL CUSCO _cBIBLIOTECA MUNICIPAL DEL CUSCO |
||
| 082 |
_a838.9 / _bJ67 |
||
| 100 |
_aJohnson, Eyvind _912782 |
||
| 245 |
_aEra el año 1914 : _bAqui tienes tu vida / |
||
| 260 |
_aBuenos Aires : _bHyspamerica, _bEdiciones Orbis, _c1975. |
||
| 300 |
_a301 paginas ; _c20cm. |
||
| 440 |
_aPremio Nobel _n26 _912783 |
||
| 500 | _aítulo original: Nu var det 1914. Har har du ditt liv! | ||
| 650 |
_aNovela Española _96059 |
||
| 650 |
_aLiteratura _983 |
||
| 650 |
_aSiglo XX _98 |
||
| 700 |
_aSariols, Deerie _912784 |
||
| 942 |
_2ddc _cLIBROS |
||
| 945 | _apjha | ||